00275nam a2200121Ia 45000030006000000080041000060400015000471000032000622450021000942600009001155460012001240050017001360STCL150530s9999 xx 000 0 und d aSTCLcSTCL aBriggs William; Bryan, G.H. aTutorial algebra c1920 aEnglish20220125165933.0